| 000 | 02398nam a2200481 i 4500 | ||
|---|---|---|---|
| 001 | nkc20253697889 | ||
| 003 | CZ PrNK | ||
| 005 | 20260512145338.0 | ||
| 007 | ta | ||
| 008 | 250915s2025 xr a g 6 000 1 czed | ||
| 015 | _acnb003697889 | ||
| 020 |
_a978-80-275-2525-6 _q(brožováno) |
||
| 035 | _a(OCoLC)1559932626 | ||
| 040 |
_aABG001 _bcze _dABA001 _erda |
||
| 041 | 1 |
_acze _hjpn |
|
| 072 | 7 |
_a741.52 _xKomiksy. Komiksové adaptace _2Konspekt _921 |
|
| 080 |
_a741.52(0:82-32) _2MRF |
||
| 080 |
_a821-9-055.3/.4 _2MRF |
||
| 100 | 1 |
_aTagame, Gengoro, _d1964- _7xx0336152 _4aut _920748 |
|
| 240 | 1 | 0 |
_aOtōto no otto. _lČesky |
| 245 | 1 | 0 |
_aManžel mého bratra / _cGengoró Tagame ; přeložili Anna a Igor Cimovi |
| 250 | _aPrvní vydání | ||
| 264 | 1 |
_aBrno : _bHost, _c2025 |
|
| 300 |
_a348 nečíslovaných stran : _bilustrace ; _c21 cm |
||
| 336 |
_atext _btxt _2rdacontent |
||
| 336 |
_astatický obraz _bsti _2rdacontent |
||
| 337 |
_abez média _bn _2rdamedia |
||
| 338 |
_asvazek _bnc _2rdacarrier |
||
| 500 | _aPřeloženo z japonštiny | ||
| 500 | _aNa obálce uvedeno číslo 1 | ||
| 520 | 2 |
_aCenami ověnčený komiksový příběh o kulturních rozdílech, homofobii a univerzální touze po rodině. _bRozvedený Jaiči vychovává dcerku Kanu, se kterou žije na předměstí Tokia. Jednoho dne se na jejich prahu objeví statný Kanaďan Mike. Jako by už to samo o sobě nebyl dostatečný šok, Mike navíc tvrdí, že je vdovcem po Jaičiho dvojčeti Rjódžim. Mike by rád poznal rodinu svého manžela a dozvěděl se víc o jeho minulosti, ale také o japonských zvycích či gastronomii. Jaiči se ho zprvu neochotně ujme a je konfrontován s vlastními předsudky. I díky Kaně, která si "kanadského medvídka" ihned oblíbí, Jaiči zjišťuje, že svého bratra, s nímž se po jeho coming outu přestal vídat, téměř neznal. Nakladatelská anotace. Kráceno. |
|
| 655 | 7 |
_amanga _7fd1057492 _2czenas _914003 |
|
| 655 | 7 |
_aqueer literatura _7fd1230250 _2czenas _918889 |
|
| 655 | 9 |
_amanga _2eczenas _914003 |
|
| 655 | 9 |
_aqueer literature _2eczenas _918890 |
|
| 700 | 1 |
_aCima, Anna, _d1991- _7xx0226998 _4trl _98583 |
|
| 700 | 1 |
_aCima, Igor, _d1991- _7xx0254661 _4trl _920749 |
|
| 901 |
_b9788027525256 _f1. vydání _o20251106 |
||
| 998 | _a003697889 | ||
| 910 | _aABG508 | ||
| 044 | _axr | ||
| 993 |
_a280.00 _h469.00 _iTeam Business _d2026-05-12 _x1076848 |
||
| 999 |
_c34267 _d34267 |
||